Análisis de costo-beneficio de los proyectos de turismo y recreación (Registro nro. 28746)
[ vista simple ]
| 000 -LEADER | |
|---|---|
| fixed length control field | 00355 a2200109 4500 |
| 001 - CONTROL NUMBER | |
| control field | ART_23943 |
| 005 - DATE AND TIME OF LATEST TRANSACTION | |
| control field | 20260410161933.0 |
| 008 - FIXED-LENGTH DATA ELEMENTS--GENERAL INFORMATION | |
| fixed length control field | 260409a |
| 100 1# - MAIN ENTRY--PERSONAL NAME | |
| Personal name | Guadagni, Alieto Aldo |
| 245 10 - TITLE STATEMENT | |
| Title | Análisis de costo-beneficio de los proyectos de turismo y recreación |
| 773 0# - HOST ITEM ENTRY | |
| Title | Informe |
| Related parts | - Año VII, Nº 45 (jul./dic. 1975) |
| Record control number | REV23765 |
No hay ítems disponibles.